000 01093nam a2200337Ia 4500
001 Z_5980
003 CHAP
008 220113s2010 xx 000 0 und d
010 _a169193
020 _a978-607-12-0162-4
040 _cCHAP
082 _a379.15 Z36
100 _aZamudio Sánchez, Francisco José
_9123569
245 _aDesarrollo y calidad educativa según grado de ruralidad en los Municipios de México: 2005. (Resúmen) /
_cFrancisco José Zamudio Sánchez; coautor Alejandro Corona Ambriz
260 _aMéxico :
_bUniversidad Autónoma Chapingo,
_c2010
300 _av, 39 p.
503 _aej. 1 - 5:
504 _aBibliografía: p 39
650 _aCalidad de los programas educativos
_9143600
650 _aCalidad de los sistemas educativos
_9143601
650 _aCondiciones socioeconómica
_9143602
650 _aÍndice de ruralidad
_9143603
650 _aLogro educativo
_9143604
700 _aI. Corona Ambriz, Alejandro, coaut.
_9143605
901 _a379.15 Z36
902 _aM
910 _a2010
942 _c1
942 _cc1
999 _c169193
_d169193